01850cam a22003498i 4500999001300000001000900013003000400022005001700026008004100043010001700084020003100101040002300132042000800155050002300163082002600186100002900212245008400241250002000325263000900345264006900354300001900423336002600442337002800468338002700496504005100523520067000574650002501244650002401269906004501293942001301338952014901351 c605d60521215538OSt20251027105654.0190924s2020 enk b 001 0 eng  a 2019043337 a9781138598263q(paperback) aDLCbengerdacDLC apcc00aBF637.L4bJ57 202000a158/.4bJ619 20202231 aJironet, Karin,eauthor.10aFeminine leadership :bpersonal development beyond polarities /cKarin Jironet. aSecond edition. a2003 1aMilton Park, Abingdon, Oxon ;aNew York, NY :bRoutledge,c2020. ax, 130pages cm atextbtxt2rdacontent aunmediatedbn2rdamedia avolumebnc2rdacarrier aIncludes bibliographical references and index. a"In an accessible and engaging style, Karin Jironet demonstrates the process of personal transformation using Dante's seven sins and virtues, explains the value of psychology and spirituality for leadership roles, and presents a pioneering and refreshed vision of leadership that meets present global demands for social cohesion and sustainability. This revised edition contains updates throughout and presents personal narratives that illustrate the seven virtues of leadership practice in our current socio-political context. This book addresses questions on how leadership is defined, exercised and communicated in contemporary society"--cProvided by publisher. 0aLeadership in women. 0aJungian psychology. a7bcbccorignewd1eecipf20gy-gencatlg 2ddccCIR 00102ddc40708NFICaCLbCLcRESd2023-07-24ePurchased (Super Pages)g3155.00h10496l0o158/.4 J619 2020p10496r2023-07-24w2023-07-24yCIR